000 00713nam a2200169 4500
008 040630s1972 -hk chi
090 _aBR45
_bC46
245 1 0 _a聖公會眼中的阿奎那Anglican thought Aquinas {ch} /
_ctrans. by N. Z. Zia, gen. ed. Francis P. Jones.
260 _aHong Kong :
_b基督教文藝出版社 Council on Christian Literature for Overseas Chinese,
_cc1972.
300 _a511 p.
490 1 _a基督教歷代名著集成 Christian Classics library 2nd series;
_vNo.9
600 1 4 _aAnglicans {ch}.
610 2 4 _aChurch of England
_xDoctrines {ch}
700 1 _aJones, Francis P.
700 1 _aZia, N. Z.
951 _pC-642
_x00009146
_oBR45/C46-II-9
_j070613111403000
_d2000-12-21
_cREF-CH
999 _c20410
_d20410